American institutions

محفوظ في:
التفاصيل البيبلوغرافية
المؤلف الرئيسي: Dorf, Philip (مؤلف)
التنسيق: كتاب
اللغة:الإسبانية
منشور في: Madison Oxford Book 1945
سلاسل:War Department Education Manual, 271
الموضوعات:
الوسوم: إضافة وسم
لا توجد وسوم, كن أول من يضع وسما على هذه التسجيلة!

MARC

LEADER 00000nam a2200000 a 4500
001 UCO1084
003 CL-VaPUC
008 000505e19450000US |||||||||||||||||spa|d
082 0 4 |a 973  |b DOR  |2 21 
100 0 |a Dorf, Philip  |e author  |9 442886 
245 1 0 |a American institutions 
300 |a 581 p 
942 |c BK 
945 |d 20000505 00:00:00  |a crobeson 
260 |a Madison  |b Oxford Book  |c 1945 
650 7 |a HISTORIA ESTADOUNIDENSE  |2 CL-VaPUC  |9 350346 
650 0 |a Enseñanza de la historia   |9 307330 
650 7 |a COLONIA  |2 CL-VaPUC  |9 442887 
650 7 |a REVOLUCION AMERICANA  |2 CL-VaPUC  |9 439168 
650 0 |a Democracia  |9 255256 
650 0 |a Desarrollo industrial  |9 322675 
650 7 |a RELACIONES INTERNACINALES  |2 CL-VaPUC  |9 442888 
651 0 |a Estados Unidos  |9 255178 
583 |a last modification  |c 20000505 00:00:00  |k Rodrigo Vera 
490 0 |a War Department Education Manual, 271 
999 |c 287717  |d 287715 
952 |0 0  |1 0  |4 0  |6 973_000000000000000_DOR_1945  |7 0  |8 X  |9 334682  |a BIBHIS  |b BIBHIS  |d 2019-11-20  |i 1273639  |o 973 DOR 1945  |p 1273639  |r 2024-01-30  |w 2019-11-20  |y BK_X  |k HIS